| 000 | 00573nam a2200181 a 4500 | ||
|---|---|---|---|
| 005 | 20210223120410.0 | ||
| 008 | 991125s1994 mx 000 0 spa u | ||
| 020 | _a9701304756 | ||
| 035 | _aUPN01000000183 | ||
| 049 | _aC | ||
| 050 | 4 |
_aHA765 _bF5 1994 |
|
| 110 | 2 | _aInstituto Nacional de Estadística, Geografía e Informática (México) | |
| 245 | 1 | 3 |
_aEl ABC de las finanzas públicas / _cInstituto Nacional de Estadística, Geografía e Informática. |
| 260 |
_aMéxico : _bINEGI, _c1994. |
||
| 300 | _a35 p. | ||
| 651 | 4 |
_aMEXICO - _vESTADISTICA _913205 |
|
| 905 | _aLibro | ||
| 999 |
_c183 _d183 |
||